Data structure using 'C' / (Record no. 93040)

MARC details
000 -LEADER
fixed length control field 00699nam a22002297a 4500
005 - DATE AND TIME OF LATEST TRANSACTION
control field 20150605123652.0
008 - FIXED-LENGTH DATA ELEMENTS--GENERAL INFORMATION
fixed length control field 150417b xxu||||| |||| 00| 0 eng d
010 ## - LCCN (DPL NO)
LC control number ENG-112727
020 ## - INTERNATIONAL STANDARD BOOK NUMBER
Terms of availability 295.00
International Standard Book Number 9789381335338
035 ## - SYSTEM CONTROL NUMBER
System control number EN-96259
037 ## - SOURCE OF ACQUISITION
Source of stock number/acquisition DBAD / PUB
040 ## - CATALOGING SOURCE
Original cataloging agency dpl
Language of cataloging English
082 ## - DEWEY DECIMAL CLASSIFICATION NUMBER
Classification number 005.73
100 ## - MAIN ENTRY--PERSONAL NAME
Personal name Gupta, Hitesh
245 ## - TITLE STATEMENT
Title Data structure using 'C' /
Statement of responsibility, etc by Hitesh Gupta
250 ## - EDITION STATEMENT
Edition statement rev.ed
260 ## - PUBLICATION, DISTRIBUTION, ETC. (IMPRINT)
Place of publication, distribution, etc New Delhi
Name of publisher, distributor, etc International Book House
Date of publication, distribution, etc 2013
270 ## - ADDRESS
Address 2/42, Ansar Road, Darya Ganj
City New Delhi
Postal code 110002
300 ## - PHYSICAL DESCRIPTION
Extent 272p.
Dimensions 24cm(pbk)
500 ## - GENERAL NOTE
General note Includes bibliographical references and index
942 ## - ADDED ENTRY ELEMENTS (KOHA)
Source of classification or shelving scheme Dewey Decimal Classification
Item type English Books
Call number suffix GUP
Classification part 005.73
Holdings
Withdrawn status Lost status Source of classification or shelving scheme Damaged status Not for loan Collection code Home library Current library Date acquired Source of acquisition Cost, normal purchase price Total Checkouts Full call number Barcode Date last seen Copy number Cost, replacement price Koha item type
    Dewey Decimal Classification   Not For Loan Non-fiction D.B.Act.Division D.B.Act.Division 17/04/2015 DBAD/PUB 295.00   005.73 GUP EN-96259 17/04/2015 1 295.00 English Books

© Delhi Public Library
Hit Counter
free hit counter